00451nam a22001577a 450000500170000001000150001702000110003203500130004303700130005610000270006924500710009626000370016727000270020430000210023150000410025220141124121507.0 aENG-111350 c200.00 aEN-94882 bDBAD/PUB aGan-Chaudhuri, Jagadis aA constitututional history of Tripura /c by Jagadis Gan-Chaudhuri aAgartalabParul Prakashanic2004 aAkhaura RoadbAgartala a414p. c23cm(Hb) aIncludes bibliographical references